000 00546nam a22001097a 4500
008 110706t xxu||||| |||| 00| 0 eng d
010 _aC-DOC F-140
245 _aThe High Court Criminal Revision No. ..........1995 Arising from Buganda Road Court Criminal Case No. U 807/91 Uganda Vs Mohammed Sekimwanyi and two others
260 _c1995
500 _a Maureen Owor, State Attorney For: Director of Public Prosecutions
999 _c4587
_d4587